000 00913nam a2200265Ia 4500
999 _c5378
_d5378
003 OSt
005 20200623183605.0
008 191128s1988 ck fr 000 0 ck d
040 _aCO-JMCR
_cCO-JMCR
041 0 _aspa
082 0 4 _a330.033 /
_bA382i
_223
100 1 _aAgudelo Villa, Hernando,
_eautor
_92294
245 1 0 _aIdeas económicas /
_cHernando Agudelo Villa
260 _aBogotá :
_bCámara de Representantes,
_c1988
300 _a2 volúmenes ;
_c24 cm.
490 0 _aPensadores políticos colombianos
505 0 _gv.1. t.1
_tIdeas políticas, sociales e internacionales
_gv.2. t.1-2
_tIdeas económicas
650 1 4 _aPensamiento económico
_95687
650 1 4 _aIdeologías
_95688
650 1 4 _aPolítica económica
_95689
650 1 4 _aLiberalismo
_zColombia
_95690
651 4 _aColombia
_xpolítica y gobierno
_95691
651 4 _aColombia
_xcondiciones económicas
_95692
942 _2ddc
_cBK